| 000 | 00778nam a22002297a 4500 | ||
|---|---|---|---|
| 003 | URS | ||
| 005 | 20220114171740.0 | ||
| 008 | 180326b xxu||||| |||| 00| 0 eng d | ||
| 020 | _a9812406530 | ||
| 050 | 1 | 4 |
_aHF 5548.32 _bS361 2001 |
| 100 |
_aSchneider, Gary, _d2001- _eauthor |
||
| 245 |
_aElectronic commerce : _cGary P. Schneider. |
||
| 250 | _aSecond annual edition | ||
| 264 | 1 |
_aAlbert Street Albert Complex ; _aSingapore : _bThomson Learning Asia, _c©2001. |
|
| 300 |
_axviii, 478 pages : _billustration ; _c23 cm |
||
| 336 |
_2rdacontent _atext |
||
| 336 |
_2rdacontent _astill image |
||
| 337 |
_2rdamedia _aunmediated |
||
| 338 |
_2rdacarrier _avolume |
||
| 524 | _aSchneider., G. P. (2001). Electronic commerce. Singapore: Thomson Learning Asia | ||
| 942 |
_2lcc _cFR |
||
| 999 |
_c14664 _d14664 |
||